00321nam a2200109Ia 4500008004100000082000800041100001800049245002400067942000600091952009900097999001500196240331s9999 xx 000 0 und d bAPP aAppadourai, A 0aIrandaam silambakam cL 001040708LaWERCLbWERCLcSSCd2024-03-31l0o 894.811 APPp1991r2024-03-31w2024-03-31yL c3807d3807